| 000 | 00505nam a2200205Ia 4500 | ||
|---|---|---|---|
| 001 | 10572 | ||
| 003 | GE_BSU | ||
| 008 | 181216s||||||||xx |||||||||||||| ||und|| | ||
| 020 | _a0195102681 | ||
| 040 | _cGE_BSU | ||
| 080 | _a330.1 | ||
| 100 | _aСolell-Mas,Andreu.Whinston D.Michael.Green R.Jerry. | ||
| 245 | _aMicroeconomic Theory. | ||
| 260 | _bNew York Oxford University Press. | ||
| 260 | _c1995. | ||
| 300 | _a981p;25cm. | ||
| 541 |
_h66 _.43c. |
||
| 653 | _aMicroeconomic Theory. | ||
| 942 | _cBK | ||
| 999 |
_c43827 _d43827 |
||